000 00961nam a22003137a 4500
001 8232
003 FISKH
005 20250904105200.0
008 250904b cb ||||| |||| 00| 0 eng d
020 _a9780439024457
040 _aFISKH
_beng
_cFISKH
_dFISKH
050 _aPZ7
082 _a613
100 _aBerger, Melvin
245 _aHealthy me /
_cby Melvin and Gilda Berger
250 _aFirst Printing, September 2007
260 _aNew York :
_bScholastic ,
_c2007.
300 _a32 pages :
_bcolor illustrations ;
_c18 x 21cm .
490 _aNow I know
505 _aF
520 _aColorful photgraphs and simple sentences briefly describe how to be healthy.
521 8 _a300
_bLexile estimate
521 8 _aF
_bRaz-Plus
650 _aOur bodies
_vJuvenile Literature
650 _aHealth and Selfcare
_vJuvenile Literature
700 _aSabato, Nancy
_eBook Designer
942 _2ddc
_cBK
_n0
999 _c8232
_d8232